| 000 | 00916nam a2200313 a 4500 | ||
|---|---|---|---|
| 999 |
_c6837 _d6837 |
||
| 001 | 6837 | ||
| 003 | BD-JhCC | ||
| 005 | 20180207094336.0 | ||
| 008 | 180130s1849 enk 000 1 eng d | ||
| 035 | _a(BD-JhCC)6837 | ||
| 035 | _aoxf98315288 | ||
| 040 |
_aBD-JhCC _cSUC _dBD-JhCC |
||
| 041 | _aeng | ||
| 082 |
_a823.8 _bBRO 1849 |
||
| 090 |
_aPR4167 _b.S5 1849 |
||
| 100 | 1 |
_aBrontë, Charlotte, _d1816-1855. |
|
| 245 | 1 | 0 |
_aShirley / _cCharlotte Bronte |
| 260 |
_aLondon: : _bSmith, Elder and Co., 65, Cornhill., _c1849.. |
||
| 300 |
_a165 p. : _c20 cm. |
||
| 490 | _aThe English Readers' Library | ||
| 500 | _a"London: printed by Stewart and Murray, Old Bailey." - verso t.p. | ||
| 504 | _aIncludes bibliography | ||
| 650 | _aFictions | ||
| 710 | 2 | _aSmith, Elder, and Co., | |
| 710 | 2 | _aStewart and Murray, | |
| 752 |
_aEngland _dLondon |
||
| 942 |
_2ddc _cBK |
||